On This Day (July 17th) Multiple Choice - Statistics

General Stats
  • This quiz has been taken 13 times
  • The average score is 8 of 15
Answer Stats
Question Answer % Correct
1917 – King George V issues a Proclamation stating that the male line descendants of the British Royal Family will bear which surname ? Windsor
80%
1984 – The national drinking age in the United States was changed to 21 from which age ? 18
70%
1976 – East Timor is annexed, and becomes the 27th province of which nation ? Indonesia
70%
1902 – Willis Carrier creates the first what in Buffalo, New York ? Air Conditioner
60%
180 – Twelve inhabitants of Scillium are executed for being Christians. This is the earliest record of Christianity in which part of the world ? North Africa
60%
1945 – The main three leaders of the Allied nations meet in which German city to decide the future of a defeated Germany ? Potsdam
60%
1429 – Hundred Years' War: Charles VII of France is crowned the King of France in which city's cathedral ? Reims
60%
2014 – Malaysia Airlines Flight 17, a Boeing 777, crashes near the border of which two countries after being shot down ? Ukraine and Russia
60%
1918 – Tsar Nicholas II of Russia and his immediate family and retainers are executed by Bolshevik Chekists at the Ipatiev House in which Russian city ? Yekaterinburg
60%
1203 – The Fourth Crusade captures which city by assault ? Constantinople
50%
2018 – 12 new moons are discovered orbiting which planet ? Jupiter
50%
1989 – Diplomatic relations are restored between the Holy See (Vatican City) and which nation ? Poland
50%
1717 – King George I of Great Britain sails down the River Thames with a barge of 50 musicians, where which of Handel's compositions is premiered ? Water Music
40%
1821: The Kingdom of Spain cedes which territory to the United States ? Florida
20%
1976 – The opening of the Summer Olympics in Montreal is marred by 25 African teams boycotting the games because of which country's participation ? New Zealand
0%
No matching quizzes found
Score Distribution
Percent of People with Each Score
Percentile by Number Answered
Your Score History
You have not taken this quiz